| 000 | 01067nam a22002537a 4500 | ||
|---|---|---|---|
| 003 | 0 | ||
| 005 | 20251108084315.0 | ||
| 008 | 251108b xxu||||| |||| 00| 0 eng d | ||
| 020 | _a978-1-4625-5204-7 | ||
| 050 |
_aLB 1027.5 _b.S63 2023 |
||
| 245 |
_aSocial and emotional learning in action : _bcreating systemic change in schools / _cedited by Sara E. Rimm-Kaufman, Michael J. Stambler, and Kimberly A. Schonert-Reichl ; foreword by Aaliyah A. Samuel. |
||
| 260 |
_aNew York, NY : _bThe Guilford Press, _c2023. |
||
| 300 |
_axxvii, 308 pages ; _billustrations ; _c26 cm. |
||
| 504 | _aIncludes bibliographical references and index. | ||
| 650 | _aSocial and emotional learning. | ||
| 650 |
_aEducation _xAims and objectives. |
||
| 650 | _aSchool improvement programs. | ||
| 650 |
_aEmotional intelligence _xStudy and teaching. |
||
| 700 |
_aRimm-Kaufman, Sara E., _eeditor. |
||
| 700 |
_aStambler, Michael J., _eeditor. |
||
| 700 |
_aSchonert-Reichl, Kimberly A., _eeditor. |
||
| 700 |
_aSamuel, Aaliyah A., _ewriter of foreword. |
||
| 942 |
_2lcc _cBK |
||
| 999 |
_c368521 _d368521 |
||